000 00325nam a22001457a 4500
008 230419b ||||| |||| 00| 0 eng d
020 _a9780195423211
041 _aeng
080 _2SEVENTH EDITION
_a34
082 _a34AGN
100 _a31
101 _aJURED
245 _aTHE SCIENCE GAME
_cAHNEW.M.N
942 _2udc
_cBK
999 _c59602
_d59602